000 00836nam a2200217Ia 4500
001 19339
005 20260319160353.0
008 260306t2015||||xx |||||||||||||| ||spa||
041 _aESP
082 _a658.8342
_bH81 2015
100 _aHoyer, Wayne D.
_eAUT
245 0 _aComportamiento del consumidor
260 _c2015
300 _a497 páginas :
_c27 cm.
650 _aGEN
654 _aCAN
856 _uhttps://itmsp.museknowledge.com/UCSP?url=https://www.ebooks7-24.com:443/?il=7493&pg=1
_zVersión digital (2018)
856 _uhttps://0u213t7lx-y-https-ebooks7--24-com.itmsp.museknowledge.com/biblioteca.aspx
_zVéase además: Base de datos Ebook7-24
856 _uhttps://0u20ft7m7-y-https-research-ebsco-com.itmsp.museknowledge.com/c/qxo6us/search
_zVéase además: Base de datos EBSCOhost
942 _cLIB
_dJUS
_fJUS
_2ddc
999 _c19339
_d19339